Likviditás, szolvencia, prudencia

Finance is surrounded by mystery although it's a profession. What's more it's a profession in which credit is built upon trust. Banking Supervision and other money and capital-market supervisory organs as well have the task of forcing, keeping and helping this trust and prudent behavi...

Teljes leírás

Elmentve itt :
Bibliográfiai részletek
Szerző: Botos Katalin
Dokumentumtípus: Könyv része
Megjelent: 2003
Sorozat:SZTE Gazdaságtudományi Kar közleményei 2
Pénzügypolitika az ezredfordulón 2
Kulcsszavak:Pénzügyi politika, Gazdaságpolitika
Tárgyszavak:
Online Access:http://acta.bibl.u-szeged.hu/5621
LEADER 02127naa a2200229 i 4500
001 acta5621
005 20220214110546.0
008 161015s2003 hu o 0|| hun d
022 |a 1588-8533 
040 |a SZTE Egyetemi Kiadványok Repozitórium  |b hun 
041 |a hun 
100 1 |a Botos Katalin 
245 1 0 |a Likviditás, szolvencia, prudencia  |h [elektronikus dokumentum] /  |c  Botos Katalin 
260 |c 2003 
300 |a 156-168 
490 0 |a SZTE Gazdaságtudományi Kar közleményei  |v 2 
490 0 |a Pénzügypolitika az ezredfordulón  |v 2 
520 3 |a Finance is surrounded by mystery although it's a profession. What's more it's a profession in which credit is built upon trust. Banking Supervision and other money and capital-market supervisory organs as well have the task of forcing, keeping and helping this trust and prudent behaviour. The right way of circulating money is a Bank Management comprising of trustworthy, reliable people. Prudent banking operations require prudent bank officials. Bank crisis have always been linked with improper management. Actors in business create their own environment. Surveillance cannot be a substitute governance. Misztikum lengi körül a pénzügyeket, pedig szakma ez. Méghozzá olyan szakma, amelyben a hitel a hitelességre épül. A bankfelügyeletnek — de természetesen á többi pénz- és tőkepiaci felügyeletnek is — az a dolga, hogy ezt a hitelességet, a prudens magatartást kikényszerítse, betartassa, segítse. A jó pénzközvetítés záloga azonban a jó — megbízható, hiteles emberekből álló — bankmenedzsment. Prudens banktevékenység prudens bankembereket követel meg. A bankválságok mindig összefüggésben voltak a rossz menedzsmenttel. Az üzleti élet szereplői maguk alakítják körülményeiket. Hatósági ellenőrzés (surveillance) nem helyettesítheti a bankirányítást (governance). 
650 4 |a Társadalomtudományok 
650 4 |a Közgazdasági és gazdálkodástudományok 
695 |a Pénzügyi politika, Gazdaságpolitika 
856 4 0 |u http://acta.bibl.u-szeged.hu/5621/1/gtk_2003_156-168.pdf  |z Dokumentum-elérés